Preventing suicide : (Record no. 20928)
[ view plain ]
| 000 -LEADER | |
|---|---|
| fixed length control field | 01449cam a2200337 i 4500 |
| 001 - CONTROL NUMBER | |
| control field | 18166122 |
| 003 - CONTROL NUMBER IDENTIFIER | |
| control field | OSt |
| 005 - DATE AND TIME OF LATEST TRANSACTION | |
| control field | 20251205125608.0 |
| 008 - FIXED-LENGTH DATA ELEMENTS--GENERAL INFORMATION | |
| fixed length control field | 140527s2014 ilu b 001 0 eng |
| 010 ## - LIBRARY OF CONGRESS CONTROL NUMBER | |
| LC control number | 2014013853 |
| 020 ## - INTERNATIONAL STANDARD BOOK NUMBER | |
| International Standard Book Number | 9780830841172 |
| Qualifying information | pbk. : alk. paper |
| 035 ## - SYSTEM CONTROL NUMBER | |
| System control number | 18166122 |
| 040 ## - CATALOGING SOURCE | |
| Original cataloging agency | DLC |
| Language of cataloging | eng |
| Transcribing agency | DLC |
| Description conventions | rda |
| Modifying agency | DLC |
| 042 ## - AUTHENTICATION CODE | |
| Authentication code | pcc |
| 050 00 - LIBRARY OF CONGRESS CALL NUMBER | |
| Classification number | BV4012.2 |
| Item number | .M297 2014 |
| 082 00 - DEWEY DECIMAL CLASSIFICATION NUMBER | |
| Classification number | 259/.428 |
| Edition number | 23 |
| 100 1# - MAIN ENTRY--PERSONAL NAME | |
| Personal name | Mason, Karen, |
| Dates associated with a name | 1955- |
| 245 10 - TITLE STATEMENT | |
| Title | Preventing suicide : |
| Remainder of title | a handbook for pastors, chaplains, and pastoral counselors / |
| Statement of responsibility, etc. | Karen Mason. |
| 264 #1 - PRODUCTION, PUBLICATION, DISTRIBUTION, MANUFACTURE, AND COPYRIGHT NOTICE | |
| Place of production, publication, distribution, manufacture | Downers Grove, Illinois : |
| Name of producer, publisher, distributor, manufacturer | IVP Books, an imprint of InterVarsity Press, |
| Date of production, publication, distribution, manufacture, or copyright notice | [2014] |
| 300 ## - PHYSICAL DESCRIPTION | |
| Extent | 232 pages ; |
| Dimensions | 23 cm |
| 336 ## - CONTENT TYPE | |
| Content type term | text |
| Content type code | txt |
| Source | rdacontent |
| 337 ## - MEDIA TYPE | |
| Media type term | unmediated |
| Media type code | n |
| Source | rdamedia |
| 338 ## - CARRIER TYPE | |
| Carrier type term | volume |
| Carrier type code | nc |
| Source | rdacarrier |
| 504 ## - BIBLIOGRAPHY, ETC. NOTE | |
| Bibliography, etc | Includes bibliographical references and index. |
| 505 0# - FORMATTED CONTENTS NOTE | |
| Formatted contents note | Who dies by suicide? -- Shattering myths about suicide -- Suicide and Christian theology -- Theories of suicide -- Helping someone in a suicide crisis -- Helping a survivor of attempted suicide -- Helping the helpers -- Helping suicide survivors -- Helping the faith community. |
| 650 #0 - SUBJECT ADDED ENTRY--TOPICAL TERM | |
| Topical term or geographic name as entry element | Suicide |
| General subdivision | Religious aspects |
| -- | Christianity. |
| 650 #0 - SUBJECT ADDED ENTRY--TOPICAL TERM | |
| Topical term or geographic name as entry element | Pastoral counseling. |
| 906 ## - LOCAL DATA ELEMENT F, LDF (RLIN) | |
| a | 7 |
| b | cbc |
| c | orignew |
| d | 1 |
| e | ecip |
| f | 20 |
| g | y-gencatlg |
| 942 ## - ADDED ENTRY ELEMENTS (KOHA) | |
| Source of classification or shelving scheme | Library of Congress Classification |
| Koha item type | General Collection |
| Withdrawn status | Lost status | Source of classification or shelving scheme | Not for loan | Home library | Current library | Shelving location | Date acquired | Source of acquisition | Inventory number | Total Checkouts | Full call number | Barcode | Date last seen | Copy number | Price effective from | Koha item type |
|---|---|---|---|---|---|---|---|---|---|---|---|---|---|---|---|---|
| Library of Congress Classification | Kabarak, Main Campus | Kabarak, Main Campus | General Stacks | 05/12/2025 | Donation | 2025/3745 | BV4012.2 .M297 2014 C.1 | 38696 | 05/12/2025 | C.1 | 05/12/2025 | General Collection |